000 00221 a2200097 4500
001 37470
100 _aCongreve's William
245 _aThe way of the world
260 _aDelh
_bSurjeet Publishe
_c
090 _c23935
_d23935
942 _aNUST-CAE
_cM
_c15486
999 _c272543
_d272543